<?xml version="1.0" encoding="UTF-8"?>
<record
    xmlns:xsi="http://www.w3.org/2001/XMLSchema-instance"
    xsi:schemaLocation="http://www.loc.gov/MARC21/slim http://www.loc.gov/standards/marcxml/schema/MARC21slim.xsd"
    xmlns="http://www.loc.gov/MARC21/slim">

  <leader>     nam a22     7a 4500</leader>
  <datafield tag="999" ind1=" " ind2=" ">
    <subfield code="c">259237</subfield>
    <subfield code="d">259237</subfield>
  </datafield>
  <controlfield tag="003">IT-MiCISF</controlfield>
  <controlfield tag="008">161229b        xxu||||| |||| 00| 0 eng d</controlfield>
  <datafield tag="040" ind1=" " ind2=" ">
    <subfield code="c">IT-MiCISF</subfield>
  </datafield>
  <datafield tag="041" ind1=" " ind2=" ">
    <subfield code="a">it</subfield>
  </datafield>
  <datafield tag="100" ind1=" " ind2=" ">
    <subfield code="a">Schol&#xE9;</subfield>
    <subfield code="9">56130</subfield>
  </datafield>
  <datafield tag="245" ind1=" " ind2=" ">
    <subfield code="a">La famiglia e l'educazione: nuovi scenari storici e pedagogici</subfield>
  </datafield>
  <datafield tag="260" ind1=" " ind2=" ">
    <subfield code="a">Brescia</subfield>
    <subfield code="b">La Scuola</subfield>
    <subfield code="c">2016</subfield>
  </datafield>
  <datafield tag="300" ind1=" " ind2=" ">
    <subfield code="a">pp. 186</subfield>
  </datafield>
  <datafield tag="500" ind1=" " ind2=" ">
    <subfield code="a">educazione, famiglia, cambiamenti-famiglia, societ&#xE0;, scuola, educazione-familiare, tempo-libero, massmedia</subfield>
  </datafield>
  <datafield tag="520" ind1=" " ind2=" ">
    <subfield code="a">La situazione nella quale si trova la famiglia nel mondo contemporaneo &#xE8;  paradossale. Per un verso sta in cima ai desideri di tutti, ma nella sfera dei desideri e comunque strettamente personale, e per l&#x2019;altro verso, quello pi&#xF9; pubblico, &#xE8; tra le istituzioni pi&#xF9; indebolite, dimenticate e comunque sfruttate. &#xC8; perci&#xF2; indispensabile ritornare a riflettere, a pensare a tutto tondo questa dimensione centrale della societ&#xE0; umana, qual &#xE8; la famiglia, senza la quale la stessa societ&#xE0; viene come scossa nelle sue fondamenta. Il tema centrale &#xE8; che la famiglia vera, quella concreta, sta attraversando una crisi a tal punto grave che i suoi membri pi&#xF9; deboli possono morire appunto per mancanza di protezione. &#xC8; urgente ritrovare un nuovo orizzonte in cui ridisegnare la vocazione e la missione della famiglia. Si tratta insomma di ridare alla famiglia la centralit&#xE0; che le spetta, senza farne l&#x2019;idolo della propria vita, ma neppure riducendola ad un sentimento vago ove solo l&#x2019;Io ha peso e valore. </subfield>
  </datafield>
  <datafield tag="650" ind1=" " ind2=" ">
    <subfield code="a">educazione</subfield>
    <subfield code="9">56062</subfield>
  </datafield>
  <datafield tag="654" ind1=" " ind2=" ">
    <subfield code="a">atti</subfield>
  </datafield>
  <datafield tag="700" ind1=" " ind2=" ">
    <subfield code="a">Pazzaglia L.</subfield>
    <subfield code="a">Paglia V.</subfield>
    <subfield code="a">Pati L.</subfield>
    <subfield code="a">Gili G.</subfield>
    <subfield code="a">Bazoli G.</subfield>
    <subfield code="a">Bartolini A.</subfield>
    <subfield code="a">Benetton M.</subfield>
    <subfield code="a">Bertagna G.</subfield>
    <subfield code="a">Bobbio A.</subfield>
    <subfield code="a">Kaiser A.</subfield>
    <subfield code="a">Laneve C.</subfield>
    <subfield code="a">Mari G.</subfield>
    <subfield code="a">Nobile A.</subfield>
    <subfield code="a">Nosari S.</subfield>
    <subfield code="a">Palazzini C.</subfield>
    <subfield code="a">Pesci F.</subfield>
    <subfield code="a">Romano R.G.</subfield>
    <subfield code="a">Serafini G.</subfield>
    <subfield code="a">Simeone D.</subfield>
    <subfield code="9">56131</subfield>
  </datafield>
  <datafield tag="942" ind1=" " ind2=" ">
    <subfield code="2">ddc</subfield>
    <subfield code="c">BK</subfield>
  </datafield>
</record>
